Synergetika v ekonómii a manažmente Čas a zmeny v ekonomickej teórii a teórii manažmentu

Salvato in:
Dettagli Bibliografici
Autore principale: Prno, Ignác, 1934-
Natura: Libro
Lingua:slovacco
Pubblicazione: Bratislava Veda 2010
Edizione:1. vyd.
Soggetti:
Accesso online:Visualizza in OPAC
Tags: Aggiungi Tag
Nessun Tag, puoi essere il primo ad aggiungerne!!

MARC

LEADER 00000cam a22000005a 4500
005 20260127134245.0
008 180806s2010 xo 000 0 slo
015 |a SNBA2011/01-00065 
020 |a 9788022411431  |q (brož.) 
035 |a vtls010183519 
035 |a F99C1E4D-EEAA-41E4-A669-C73E3FE66FB6 
035 |a urn:nbn:sk:snk-amkb40 
035 |a urn:nbn:sk:snk-am0089e7 
039 9 |a 201808061030  |b VLOAD  |c 201602082133  |d VLOAD  |c 201507240749  |d VLOAD  |c 201106020915  |d mschk03  |y 201010261414  |z msnk12 
040 |a SNK  |b slo  |c SNK  |d SVKBB  |d SNK  |d STUSCHK1  |e AACR2 
041 0 |a slo 
044 |a xo  |c SK 
072 0 |a 00  |x Veda. Všeobecnosti. Základy vedy a kultúry. Vedecká práce  |2 konspekt 
080 |a 001.12-021.364  |2 2001 
080 |a 33  |2 2001 
080 |a 005  |2 2001 
080 |a 330.8  |2 2001 
080 |a 005.1  |2 2001 
080 |a (048.8)  |2 2001 
100 1 |a Prno, Ignác,  |d 1934-  |9 945 
245 1 0 |a Synergetika v ekonómii a manažmente  |c Ignác Prno  |p Čas a zmeny v ekonomickej teórii a teórii manažmentu 
246 3 0 |a Čas a zmeny v ekonomickej teórii a teórii manažmentu 
250 |a 1. vyd. 
260 |a Bratislava  |b Veda  |c 2010 
300 |a 197 s.  |b grafy  |c 24 cm 
504 |a Bibliogr. s. 194-197 
650 0 7 |a synergetika  |2 SNKPH 
650 0 7 |a ekonómia  |2 SNKPH 
650 0 7 |a manažment  |2 SNKPH 
650 0 7 |a ekonomické teórie  |2 SNKPH 
650 0 7 |a Teória manažmentu  |2 SNKPH 
650 0 7 |a Synergetics  |2 SNKPHeng 
650 0 7 |a Economics  |2 SNKPHeng 
650 0 7 |a Management  |2 SNKPHeng 
650 0 7 |a Economics (theory)  |2 SNKPHeng 
655 7 |a monografie  |2 SNKPH 
655 7 |a Monographs  |2 SNKPHeng 
919 |a 978-80-224-1143-1 
958 |a NB 
968 |d 33 
980 |a 33  |2 2001 
999 |c 8007  |d 8007